Bevezetés a nőnevelés történetébe
Elmentve itt :
| Szerző: | |
|---|---|
| Dokumentumtípus: | Könyv |
| Kulcsszavak: | nőnevelés |
| Tárgyszavak: | |
| Online Access: | http://eta.bibl.u-szeged.hu/1673 |
| LEADER | 00560nnm a2200169 i 4500 | ||
|---|---|---|---|
| 001 | eta1673 | ||
| 005 | 20190201094948.0 | ||
| 008 | 190201suuuu hu o 0|| hun d | ||
| 040 | |a SZTE Elektronikus Tananyag Archívum |b hun | ||
| 041 | |a hun | ||
| 100 | 1 | |a Pukánszky Béla | |
| 245 | 1 | 0 | |a Bevezetés a nőnevelés történetébe |h [elektronikus dokumentum] / |c Pukánszky Béla |
| 516 | |a Book | ||
| 650 | 4 | |a Társadalomtudományok | |
| 650 | 4 | |a Oktatástudomány | |
| 695 | |a nőnevelés | ||
| 856 | 4 | 0 | |u https://eta.bibl.u-szeged.hu/1673/2/noneveles/index.html |z Dokumentum-elérés |